000
00338 a2200157 4500
001
179763
020
_a
040
_c
Magnum
100
_a
Ferreiro, Emilia
240
1
0
_a
Alfabetizacao em processo
_l
por
245
1
0
_a
Alfabetizacao em processo
362
0
_a
1899
440
1
_a
Cortez
697
_a
MAGNITO: PSICOLOGIA
942
_c
BK
999
_c
179763
_d
179763